Sports Quiz

Random Sports Quiz
Score 0/53 Timer 16:00
0 Plays Today
Last Initial Player Name % Correct
RMatt Ryan
90.9%
JJulio Jones
85.5%
WRoddy White
72.7%
GTony Gonzalez
63.6%
TMicheal Turner
63.6%
AJohn Abraham
61.8%
BMatt Bryant
61.8%
BJonathan Babineaux
47.3%
BMatt Bosher
45.5%
DHarry Douglas
45.5%
WSean Weatherspoon
45.5%
SAsante Samuel
41.8%
MWilliam Moore
40%
RJacquizz Rodgers
40%
SAntone Smith
40%
DThomas DeCoud
38.2%
RDunta Robinson
38.2%
SJason Snelling
38.2%
BSam Baker
34.5%
BJustin Blalock
34.5%
PCorey Peters
34.5%
BKroy Biermann
32.7%
CMike Cox
32.7%
DDominique Davis
32.7%
DDrew Davis
32.7%
MTodd McClure
30.9%
FDominique Franks
29.1%
Last Initial Player Name % Correct
KPeter Konz
29.1%
NStephen Nicholas
29.1%
CTyson Clabo
25.5%
DAkeem Dent
25.5%
JPeria Jerry
25.5%
JMike Johnson
25.5%
MLuke McCown
25.5%
PMike Peterson
25.5%
MCliff Matthews
23.6%
MRobert McClain
23.6%
OChris Owens
23.6%
PMichael Palmer
21.8%
MCharles Mitchell
20%
CChase Coffman
18.2%
WVance Walker
18.2%
HJoe Hawley
16.4%
SLawrence Sidbury
16.4%
HLamar Holmes
14.5%
HChris Hope
14.5%
MJonathan Massaquoi
14.5%
HJosh Harris
12.7%
JRobert James
12.7%
RTravian Robertson
10.9%
TTim Toone
10.9%
GHarland Gunn
7.3%
MPhillipkeith Manley
7.3%

You're not logged in!

Compare scores with friends on all Sporcle quizzes.
OR
Log In

Sporcle TV

Today on Sporcle TV


Watch our educational content, quiz creation guides, and fun videos on Sporcle TV.

Show Comments

Extras

Top Quizzes Today


Score Distribution

Paid Content

Your Account Isn't Verified!

In order to create a playlist on Sporcle, you need to verify the email address you used during registration. Go to your Sporcle Settings to finish the process.

Report this User

Report this user for behavior that violates our Community Guidelines.

Details: